| 000 | 01601nam a2200265 i 4500 | ||
|---|---|---|---|
| 001 | 6325 | ||
| 003 | KOSZ 005 | ||
| 005 | 20180116082945.0 | ||
| 008 | 150316s2003 pl a f f |100 0 pol | ||
| 040 |
_cBPK _dKOSZ 005/EG |
||
| 080 | _a519.7/.8 | ||
| 084 | _a004.94 | ||
| 100 | 1 |
_aKRZYŻYŃSKI, Tomasz. _d1997 - . _bPolitechnika Koszalińska - Wydział Mechaniczny, _cKatedra Mechaniki Precyzyjnej - Zakład Mechatroniki |
|
| 245 |
_aSymulacja w badaniach i rozwoju : _bzbiór referatów IX Warsztatów Naukowych PTSK, Koszalin-Osieki 28-31 sierpnia 2002 / _cpod red. Tomasza Krzyżyńskiego i Andrzeja Tylikowskiego ; Polskie Towarzystwo Symulacji Komputerowej, Wydział Mechaniczny Politechniki Koszalińskiej, Centrum Informatyczne "Kosman". |
||
| 260 |
_aWarszawa : _bWydaw. Uczelniane Politechniki Koszalińskiej, _c2003. |
||
| 300 |
_a303 s. : _brys., tab. |
||
| 500 | _aDane z autopsji. | ||
| 520 | _aKsiążka zawiera zbiór wygłoszonych referatów na Warsztatach Naukowych PTSK "Symulacja w badaniach i rozwoju" o bardzo szerokiej tematyce, która obejmowała między innymi: symulacje w mechanice, fizyce, chemii i informatyce, symulacje różnorodych procesów technologicznych i układów technicznych, metody numeryczne i algorytmy symulacyjne, inteligencję obliczeniową oraz symulacje układów biologicznych. | ||
| 650 | 0 | _aCybernetyka matematyczna. | |
| 650 | 0 | _aSymulacja. | |
| 650 | 0 | _aAnaliza numeryczna. | |
| 655 | 0 | _aMateriały konferencyjne. | |
| 711 | 2 | 2 |
_aWarsztaty Naukowe PTSK _n(9 ; _d2002 ; _cKoszalin - Osieki, Polska). |
| 942 |
_cKS _2UKD |
||
| 999 |
_c6325 _d6325 |
||